Statistics for 2019 NFL WRs

Click here to take the quiz!

General Stats

  • This quiz has been taken 40 times
  • The average score is 23 of 188

Answer Stats

#Answer% Correct
Texans10DeAndre Hopkins
81%
Patriots11Julian Edelman
78%
Falcons11Julio Jones
75%
Bills15John Brown
69%
Cowboys19Amari Cooper
66%
Steelers19JuJu Smith-Schuster
56%
Vikings14Stefon Diggs
56%
Jets18Demaryius Thomas
50%
Browns80Jarvis Landry
50%
Saints13Michael Thomas
50%
Browns13Odell Beckham Jr.
50%
Colts13T.Y. Hilton
50%
Rams12Brandin Cooks
44%
Panthers12D.J. Moore
44%
Rams88Mike Thomas
41%
Chiefs10Tyreek Hill
41%
Bears12Allen Robinson
38%
Buccaneers12Chris Godwin
38%
Broncos18Fred Brown
38%
Vikings19Adam Thielen
34%
Chargers13Keenan Allen
34%
Cardinals11Larry Fitzgerald
34%
Cowboys18Randall Cobb
34%
Rams17Robert Woods
34%
Seahawks14D.K. Metcalf
31%
49ers17Emmanuel Sanders
31%
Lions19Kenny Golladay
31%
Cowboys13Michael Gallup
31%
Titans11A.J. Brown
28%
Bills10Cole Beasley
28%
Rams18Cooper Kupp
28%
Chargers81Mike Williams
28%
Patriots15N'Keal Harry
28%
Chiefs14Sammy Watkins
28%
Texans15Will Fuller
28%
Dolphins11DeVante Parker
25%
Patriots14Mohamed Sanu
25%
Titans84Corey Davis
22%
Broncos14Courtland Sutton
22%
Giants15Golden Tate
22%
Patriots16Jakobi Meyers
22%
Texans12Kenny Stills
22%
Jets11Robby Anderson
22%
Ravens15Marquise Brown
19%
Giants87Sterling Shepard
19%
Bengals83Tyler Boyd
19%
Bears17Anthony Miller
16%
Cardinals13Christian Kirk
16%
Giants86Darius Slayton
16%
49ers19Deebo Samuel
16%
Steelers18Diontae Johnson
16%
Steelers13James Washington
16%
Jets82Jamison Crowder
16%
49ers84Kendrick Bourne
16%
Chiefs17Mecole Hardman
16%
Eagles13Nelson Agholor
16%
Patriots13Phillip Dorsett
16%
Falcons83Russell Gage
16%
Seahawks16Tyler Lockett
16%
Titans10Adam Humphries
13%
Packers13Allen Lazard
13%
Jets10Braxton Berrios
13%
Panthers15Chris Hogan
13%
Lions80Danny Amendola
13%
Eagles19J.J. Arcega-Whiteside
13%
Raiders12Zay Jones
13%
Dolphins17Allen Hurns
9%
Cardinals89Andy Isabella
9%
Giants12Cody Latimer
9%
Panthers10Curtis Samuel
9%
Packers17Devante Adams
9%
Raiders13Hunter Renfrow
9%
Texans16Keke Coutee
9%
Packers83Marquez Valdes-Scantling
9%
Ravens80Miles Boykin
9%
Browns81Rashard Higgins
9%
Saints19Ted Ginn Jr.
9%
Redskins17Terry McLaurin
9%
Broncos81Tim Patrick
9%
Raiders16Tyrell Williams
9%
Chiefs13Byron Pringle
6%
Jaguars18Chris Conley
6%
Seahawks83David Moore
6%
Chiefs11Demarcus Robinson
6%
Jaguars17D.J. Chark
6%
Bills19Isaiah McKenzie
6%
Bengals11John Ross
6%
Vikings11Laquon Treadwell
6%
Patriots18Matthew Slater
6%
Packers11Ryan Grant
6%
Cowboys10Tavon Austin
6%
Saints10Tre'Quan Smith
6%
Ravens83Willie Snead
6%
Dolphins15Albert Wilson
3%
Bengals12Alex Erickson
3%
Bills18Andre Roberts
3%
Buccaneers19Breshad Perriman
3%
Bears84Cordarrelle Patterson
3%
Cardinals14Damiere Byrd
3%
49ers18Dante Pettis
3%
Jaguars12Dede Westbrook
3%
Steelers17Deon Cain
3%
Packers81Geronimo Allison
3%
Eagles84Greg Ward Jr.
3%
Chargers15Jalen Guyton
3%
Steelers80Johnny Holton
3%
Rams83Josh Reynolds
3%
Falcons14Justin Hardy
3%
Jaguars84Keelan Cole
3%
Redskins13Kelvin Harmon
3%
49ers13Richie James
3%
Redskins15Steven Sims
3%
Titans19Tajae Sharpe
3%
Cardinals16Trent Sherfield
3%
Colts14Zach Pascal
3%
Vikings15Alexander Hollins
0%
Steelers82Amara Darboh
0%
Chargers16Andre Patton
0%
Colts16Ashton Dulin
0%
Falcons15Brandon Powell
0%
Panthers11Brandon Zylstra
0%
Redskins89Cam Sims
0%
Lions15Chris Lacy
0%
Ravens10Chris Moore
0%
Falcons13Christian Blake
0%
Jaguars16C.J. Board
0%
Giants17Cody Core
0%
Titans16Cody Hollister
0%
Buccaneers15Cyril Grayson
0%
Broncos17DaeSean Hamilton
0%
Giants18Da'Mari Scott
0%
Browns18Damion Ratley
0%
Bengals15Damion Willis
0%
Titans15Darius Jennings
0%
Redskins84Darvin Kidsy
0%
Giants84David Sills
0%
Texans14DeAndre Carter
0%
Panthers18DeAndrew White
0%
Ravens16De'Anthony Thomas
0%
Eagles16Deontay Burnett
0%
Saints11Deonte Harris
0%
Cowboys15Devin Smith
0%
Broncos11Diontae Spencer
0%
Colts86Dontrelle Inman
0%
Dolphins84Isaiah Ford
0%
Packers16Jake Kumerow
0%
Ravens12Jaleel Scott
0%
Panthers13Jarius Wright
0%
Seahawks18Jaron Brown
0%
Chargers89Jason Moore
0%
Bears83Javon Wims
0%
Buccaneers85Jaydon Mickens
0%
Redskins19Jester Weah
0%
Seahawks15John Ursua
0%
49ers83Jordan Matthews
0%
Jets83Josh Malone
0%
Buccaneers17Justin Watson
0%
Titans14Kalif Raymond
0%
Raiders18Keelan Doss
0%
Cardinals19KeeSean Johnson
0%
Browns12KhaDarel Hodge
0%
Saints84Lil'Jordan Humphrey
0%
Dolphins86Mack Hollins
0%
Seahawks17Malik Turner
0%
Raiders88Marcell Ateman
0%
Colts83Marcus Johnson
0%
Jaguars13Michael Walker
0%
Rams14Nsimba Walker
0%
Vikings81Olabisi Johnson
0%
Falcons17Olamide Zaccheus
0%
Cardinals12Pharoh Cooper
0%
Titans12Rashard Davis
0%
Raiders10Rico Gafford
0%
Bears88Riley Ridley
0%
Eagles14Robert Davis
0%
Bills16Robert Foster
0%
Ravens11Seth Roberts
0%
Eagles83Shelton Gibson
0%
Buccaneers83Spencer Schnell
0%
Bengals17Stanley Morgan Jr.
0%
Texans11Steven Mitchell
0%
Bears18Taylor Gabriel
0%
Browns10Taywan Taylor
0%
Lions14Travis Fulgham
0%
Bengals16Trenton Irwin
0%
Dolphins89Trevor Davis
0%
Cowboys83Ventell Bryant
0%
Jets17Vyncint Smith
0%

Score Distribution

Percentile by Number Answered

Percent of People with Each Score

Your Score History

You have not taken this quiz